| 000 | 00996nam a22002897a 4500 | ||
|---|---|---|---|
| 003 | URS | ||
| 005 | 20240715191346.0 | ||
| 008 | 240715b |||||||| |||| 00| 0 eng d | ||
| 020 | _a978-1-60913-321-4 | ||
| 040 |
_cURS _bEnglish _erda |
||
| 050 |
_aQR41.2 _b.En32 2011 |
||
| 100 |
_aEngelkirk, Paul G., _eauthor. _95866 |
||
| 245 |
_aBurton's microbiology for the health sciences / _cPaul G. Engelkirk, Janet Duben-Engelkirk. |
||
| 250 | _aNinth edition. | ||
| 264 |
_aPhiladelphia : _bWolters Kluwer Health/Lippincott Williams & Wilkins, _c©2011. |
||
| 300 |
_ax, 431pages: _billustrations; _c28 cm. |
||
| 336 |
_2rdacontent _atext _btxt |
||
| 337 |
_2rdamedia _aunmediated _bn |
||
| 338 |
_2rdacarrier _avolume _bnc |
||
| 504 | _aIncludes index. | ||
| 650 | 0 |
_aMicrobiology. _91238 |
|
| 650 | 0 |
_aMedical microbiology. _91237 |
|
| 650 | 0 |
_aAllied health personnel. _95863 |
|
| 650 | 0 |
_aMicrobiological processes. _95864 |
|
| 700 |
_aDuben-Engelkirk, Janet, _eauthor. _95865 |
||
| 942 |
_2lcc _cFR |
||
| 999 |
_c80707 _d80706 |
||